000 00276nam a2200121Ia 4500
005 20251222144835.0
008 251222s9999||||xx |||||||||||||| ||spa||
082 _a248.16/S31
100 _aScola, Angelo
245 0 _aSalute e salvezza:
264 _bCantagalli
942 _cLIB
999 _c21012
_d21012